Idoli

সংরক্ষণ করুন:
গ্রন্থ-পঞ্জীর বিবরন
প্রধান লেখক: Cooper Dennis
বিন্যাস: গ্রন্থ
ভাষা:অজানা বা ভুল ভাষা
প্রকাশিত: Milano Tropea 1998
ট্যাগগুলো: ট্যাগ যুক্ত করুন
কোনো ট্যাগ নেই, প্রথমজন হিসাবে ট্যাগ করুন!

MARC

LEADER 00000nam a2200000Ia 4500
001 100
003 NUMERAZIONE-ORIGINALE-BRESCIA
005 20260206230748.0
008 260206s9999 xx 000 0 und d
100 |a Cooper Dennis 
245 0 |a Idoli 
260 |a Milano 
260 |b Tropea 
260 |c 1998 
500 |a I Mirti 
500 |a Il gioco pericoloso di Dennis e dei suoi amici 
942 |2 ddc  |c BK  |n 0 
952 |0 0  |1 0  |2 ddc  |4 0  |6 24  |7 0  |9 28286  |a BS  |b BS  |d 2026-02-06  |i 100-2  |l 0  |o 2-4-*  |r 2026-02-06 22:40:32  |w 2026-02-06  |x [REVISIONARE]  |y BK 
952 |0 0  |1 0  |2 ddc  |4 0  |6 24  |7 0  |9 28287  |a BS  |b BS  |d 2026-02-06  |i 100-1  |l 0  |o 2-4-*  |r 2026-02-06 22:40:32  |w 2026-02-06  |x [REVISIONARE]  |y BK 
999 |c 23982  |d 23982